| 000 | 00718nam a2200193 i 4500 | ||
|---|---|---|---|
| 001 | 96083 | ||
| 003 | ES-MaACL | ||
| 005 | 20230906181832.0 | ||
| 007 | t| | ||
| 008 | 050610s1947 sp ||||1| spa d | ||
| 100 | 1 |
_aMac Call, John Oppie. _975005 |
|
| 245 | 1 | 0 |
_aRoentgenodoncia clínica _b: técnica e interpretación con estudios roentenográficos del niño y del adulto joven / _cpor John Oppie Mac Call y Samuel Stanley Wald; traducción del Dr. J. Vila Torrent. |
| 250 | _a[1 ª ed.]. | ||
| 260 |
_aBarcelona : _bSalvat, _c1947. |
||
| 300 |
_aXVI, 340 p. con 12 lám ; _c25 cm. |
||
| 700 | 1 |
_aStanley Wald, Samuel. _9107910 |
|
| 700 | 1 |
_aVilá y Torrent, José. _9114741 |
|
| 852 |
_aES-MaACL _jC-4025 _bR.23757 |
||
| 999 |
_c96083 _d96083 |
||